Can biological production harmonize with environment? : Report from research sites in Asia

Сохранить в:
Библиографические подробности
Формат:
Язык:Undetermined
Опубликовано: Tokyo Asian Natural Environmental Science Center, The University of Tokyo 1999
Предметы:
Метки: Добавить метку
Нет меток, Требуется 1-ая метка записи!
Thư viện lưu trữ: Trung tâm Học liệu Trường Đại học Cần Thơ
LEADER 00541nam a2200169Ia 4500
001 CTU_127308
008 210402s9999 xx 000 0 und d
082 |a 363.7 
082 |b C212 
245 0 |a Can biological production harmonize with environment? : 
245 0 |b Report from research sites in Asia 
260 |a Tokyo 
260 |b Asian Natural Environmental Science Center, The University of Tokyo 
260 |c 1999 
650 |a Environmental science 
904 |i Nguyên 
980 |a Trung tâm Học liệu Trường Đại học Cần Thơ